Girls and Warzones (Record no. 9239)

MARC details
000 -LEADER
fixed length control field 00457nam a22001817a 4500
003 - CONTROL NUMBER IDENTIFIER
control field OSt
005 - DATE AND TIME OF LATEST TRANSACTION
control field 20240717132527.0
008 - FIXED-LENGTH DATA ELEMENTS--GENERAL INFORMATION
fixed length control field 240717b |||||||| |||| 00| 0 eng d
020 ## - INTERNATIONAL STANDARD BOOK NUMBER
International Standard Book Number 9187748614
040 ## - CATALOGING SOURCE
Transcribing agency MUST
082 ## - DEWEY DECIMAL CLASSIFICATION NUMBER
Classification number NOR 305.4 1997
100 ## - MAIN ENTRY--PERSONAL NAME
Personal name Nordstrom Carolyn
9 (RLIN) 18851
245 ## - TITLE STATEMENT
Title Girls and Warzones
Remainder of title Troubling Questions
Statement of responsibility, etc. Carolyn Nordstrom
300 ## - PHYSICAL DESCRIPTION
Extent 50p.
Dimensions 21cm
504 ## - BIBLIOGRAPHY, ETC. NOTE
Bibliography, etc bibliography
650 ## - SUBJECT ADDED ENTRY--TOPICAL TERM
Source of heading or term economics
942 ## - ADDED ENTRY ELEMENTS (KOHA)
Source of classification or shelving scheme Dewey Decimal Classification
Koha item type Open Shelf
Holdings
Withdrawn status Lost status Source of classification or shelving scheme Damaged status Not for loan Home library Current library Date acquired Inventory number Total Checkouts Full call number Barcode Date last seen Price effective from Koha item type
    Dewey Decimal Classification     MUST Main Library MUST Main Library 17/07/2024 05/25056   NOR 305.4 1997 2024-22030 17/07/2024 17/07/2024 Open Shelf